Relaciones Públicas y Humanas 3: La Dinámica de las Relaciones Públicas /

Guardado en:
書目詳細資料
主要作者: Soria, Víctor M. (autor)
格式: 圖書
語言:西班牙语
主題:
標簽: 添加標簽
沒有標簽, 成為第一個標記此記錄!

MARC

LEADER 00000nam^a2200000^a^4500
001 000031463
005 20250521000000.0
009 20260310085041.701
020 |a 968-18-2833-X 
037 |a Acervo ITESO - Biblioteca 
041 |a ESP 
082 |a 659. 2  |b REL V. 3 
100 |a Soria, Víctor M.  |e (autor) 
245 1 0 |a Relaciones Públicas y Humanas 3: La Dinámica de las Relaciones Públicas /  |c V.M. 
264 |a México :  |b Orientación,  |c 1988 
300 |a 4 v. 
336 |a texto  |b txt  |2 rdacontenido 
337 |a sin mediación  |b n  |2 rdamedio 
338 |a volumen  |b nc  |2 rdasoporte 
649 |a XX 
650 |a Ciencias Administrativas 
650 |a Relaciones Públicas 
910 |a Fondo General 
920 |a Impresos - Libros 
930 |a Obras de Referencia 
905 |a 102 
901 |a 0314630100  |b IT2  |c REF  |i 031463  |u 20250521 
902 |a https://opac.biblio.iteso.mx/vufind/Record/000031463